| 000 | 00952nam a22002537a 4500 | ||
|---|---|---|---|
| 999 |
_c165496 _d165496 |
||
| 005 | 20190802145203.0 | ||
| 010 | _aB-728384 | ||
| 020 | _c320.00 | ||
| 035 | _aB-728384 | ||
| 037 |
_adpl _bR.K.Books |
||
| 082 | _a351.72 | ||
| 100 | _aMuthuswamy | ||
| 245 |
_aSwamy's compilation of general financial rules 2017 : _bincorporating containing of rules on advances to central government servants / _cby Muthuswamy, Brinda [and] Sanjeev |
||
| 250 | _a30th ed | ||
| 260 |
_aNew Delhi _bSwamy Publishers _c2019 |
||
| 270 |
_a4855,24,Ansari Road, Darya Ganj _bNew Delhi _e110002 |
||
| 300 |
_axviii,282p. _b22cm(pbk) |
||
| 650 | _aPublic welfare | ||
| 650 | _aPublic Administration | ||
| 700 | _aBrinda | ||
| 700 | _aSanjeev | ||
| 942 |
_2ddc _cEN _h351.72 _mMUT |
||